banner-ar

لغة الجسد و قراءة الافكار / (Record no. 62088)

MARC details
000 -الفاتح
حقل البيانات ثابتة الطول 00870nam a22002177a 4500
005 - وقت وتاريخ اخر تعامل مع التسجيلة
رقم الضبط 20240530110531.0
008 - عناصر البيانات ثابتة الطول - معلومات عامة
حقل البيانات ثابتة الطول 160316s2013 ua a g 000 0 ara d
017 ## - رقم الايداع القانونى
رقم الايداع القانونى 2013/1510
المصدر ( الهيئة المختصة) مصر . دار الكتب المصرية
020 ## - الرقم الدولى المعيارى للكتب
الرقم الدولى المعيارى للكتاب 9789776298934
040 ## - مصدر الفهرسة
وكالة الفهرسة الأصلية EG-CaGPL
082 04 - رقم تصنيف ديوى العشرى
رقم الطبعة 21
رقم التصنيف 153.69\
رقم المادة خ ل
100 0# - المدخل الرئيسى - إسم شخصى
الإسم الشخصى خبراء المجموعة العربية للتدريب و النشر
245 10 - بيان العنوان
العنوان لغة الجسد و قراءة الافكار /
بيان المسئوليه,etc اعداد خبراء المجموعة العربية للتدريب و النشر
250 ## - بيان الطبعة
بيان الطبعة ط1
260 ## - PUBLICATION, DISTRIBUTION, ETC. (IMPRINT)
تاريخ النشر أو التوزيع 2013 .
300 ## - الوصف المادى
التعداد 95 ص :
تفاصيل ماديه اخرى للوعاء ايض ؛
أبعاد الوعاء 30 سم .
490 ## - بيان السلسلة
عنوان السلسلة المهارات السلوكية
650 04 - المدخل الاضافى بالموضوع-مصطلح موضوعى
مصطلح موضوعي لغة الجسد
942 ## - عناصر المدخل الإضافي( كوها)
مصدر التصنيف او مخطط الترفيف Dewey Decimal Classification
Koha [default] item type كتاب
260 ## - PUBLICATION, DISTRIBUTION, ETC. (IMPRINT)
-- القاهرة :
-- المجموعة العربية للتدريب و النشر ،
Holdings
حالة التراجع حالة الفقد حالة تلف ليس للاعارة المكان المؤقت الموقع الحالى تاريخ الاكتساب اجمالي اﻻعارات رقم الطلب الباركود تاريخ اخر مشاهدة تاريخ تفعيل السعر نوع وعاء كوها
        مكتبة القاهرة الكبرى مكتبة القاهرة الكبرى 03/16/2016   153.69\ خ ل 161619 03/16/2016 03/16/2016 كتاب

Powered By

EGPV